[Event "Perm op"]
[Site "Perm"]
[Date "2014.??.??"]
[Round "2"]
[White "Gavryushin, Oleg"]
[Black "Nikologorskiy, Konstantin"]
[Result "1-0"]
[WhiteElo "2282"]
[BlackElo "2394"]
[PlyCount "117"]
[EventDate "2014.05.06"]
[EventType "swiss"]
[EventRounds "9"]
[EventCountry "RUS"]
[SourceTitle "CBM 160 Extra"]
[Source "ChessBase"]
[SourceDate "2014.07.01"]
[SourceVersion "1"]
[SourceVersionDate "2014.07.01"]
[SourceQuality "1"]

1. Nf3 c5 2. c4 Nc6 3. b3 e5 4. Nc3 g6 5. Bb2 Bg7 6. Nd5 Nge7 7. d3 0-0 8. g3 Rb8 9. Nd2 d6 10. Bg2 Be6 11. 0-0 Bxd5 12. cxd5 Nb4 13. e4 Nxd3 14. Bc3 b5 15. Qe2 Nb4 16. Bxb4 cxb4 17. a4 bxa3 18. Rxa3 Rb7 19. Rfa1 Qd7 20. Qe3 Nc8 21. Ra6 Nb6 22. Bf1 f5 23. R1a5 Nc8 24. Rc6 f4 25. Qc3 b4 26. Qd3 fxg3 27. hxg3 h5 28. Nc4 Rf7 29. Rxc8+ Qxc8 30. Nxd6 Qb8 31. Nxb7 Rxb7 32. Rc5 Kh7 33. Rc6 Rb6 34. Qc4 Rxc6 35. dxc6 Qc7 36. Qe6 a5 37. Bc4 Kh6 38. Kg2 Bf8 39. Qe8 Bc5 40. Bf7 Bb6 41. Qe6 Kg7 42. Qxg6+ Kf8 43. Bd5 Ke7 44. Qxh5 Kd6 45. Qh6+ Kc5 46. f4 exf4 47. gxf4 Kd4 48. Qf6+ Ke3 49. e5 Qh7 50. e6 Qc2+ 51. Kh3 Bd4 52. Qg5 Qh7+ 53. Kg4 Bc5 54. f5+ Kd4 55. f6 Bd6 56. e7 Qh8 57. Bf7 Qc8+ 58. Qf5 Qxc6 59. Qd5+ 1-0

[Event "Perm op"]
[Site "Perm"]
[Date "2014.??.??"]
[Round "6"]
[White "Gavryushin, Oleg"]
[Black "Rakhmangulov, Andrei"]
[Result "1/2-1/2"]
[WhiteElo "2282"]
[BlackElo "2354"]
[PlyCount "57"]
[EventDate "2014.05.06"]
[EventType "swiss"]
[EventRounds "9"]
[EventCountry "RUS"]
[SourceTitle "CBM 160 Extra"]
[Source "ChessBase"]
[SourceDate "2014.07.01"]
[SourceVersion "1"]
[SourceVersionDate "2014.07.01"]
[SourceQuality "1"]

1. Nf3 b5 2. a4 b4 3. g3 Bb7 4. Bg2 a5 5. 0-0 e6 6. c4 bxc3 7. bxc3 Nf6 8. c4 Na6 9. d4 Nb4 10. Nc3 Ne4 11. Bb2 Be7 12. Nd2 Nxc3 13. Bxc3 Bxg2 14. Kxg2 0-0 15. e4 f5 16. Qe2 f4 17. Rab1 Qe8 18. c5 d6 19. cxd6 cxd6 20. Qg4 Rf6 21. d5 Rg6 22. Qxf4 Qxa4 23. dxe6 Rf8 24. Qe3 Rxe6 25. Qd4 Rf7 26. Qc4 Qd7 27. Bxb4 Rh6 28. h4 Rxh4 29. gxh4 1/2-1/2

[Event "Perm"]
[Site "Perm"]
[Date "2010.06.10"]
[Round "7"]
[White "Gavryushin, Oleg"]
[Black "Nevioselaya, Maria"]
[Result "1/2-1/2"]
[WhiteElo "2353"]
[BlackElo "1926"]
[PlyCount "27"]
[EventDate "2010.06.07"]
[EventType "tourn"]
[EventRounds "9"]
[EventCountry "RUS"]
[SourceTitle "EXT 2012"]
[Source "ChessBase"]
[SourceDate "2011.11.24"]
[SourceVersion "1"]
[SourceVersionDate "2011.11.24"]
[SourceQuality "1"]

1. Nf3 d5 2. c4 c6 3. b3 Nf6 4. g3 Bg4 5. Bg2 e6 6. 0-0 Bd6 7. d3 0-0 8. Nbd2 Qe7 9. h3 Bxf3 10. Nxf3 e5 11. Nh4 Qe6 12. e4 dxc4 13. dxc4 Na6 14. Bb2 1/2-1/2

[Event "Perm"]
[Site "Perm"]
[Date "2010.06.09"]
[Round "4"]
[White "Gavryushin, Oleg"]
[Black "Matveeva, Olga"]
[Result "1/2-1/2"]
[WhiteElo "2353"]
[BlackElo "2217"]
[PlyCount "62"]
[EventDate "2010.06.07"]
[EventType "tourn"]
[EventRounds "9"]
[EventCountry "RUS"]
[SourceTitle "EXT 2012"]
[Source "ChessBase"]
[SourceDate "2011.11.24"]
[SourceVersion "1"]
[SourceVersionDate "2011.11.24"]
[SourceQuality "1"]

1. Nf3 c5 2. c4 Nf6 3. d4 cxd4 4. Nxd4 Nc6 5. Nc3 g6 6. e3 Bg7 7. Be2 0-0 8. 0-0 d6 9. b3 d5 10. Bb2 Nxd4 11. exd4 Bf5 12. Qd2 Rc8 13. c5 b6 14. Ba6 Rc6 15. Bb5 Rc8 16. b4 bxc5 17. bxc5 Rb8 18. a4 Qc8 19. Rfe1 a6 20. Rxe7 Qd8 21. Ra7 axb5 22. axb5 Ne4 23. Nxe4 dxe4 24. b6 Qd5 25. Bc3 Be6 26. h3 Rfe8 27. Qe3 Rec8 28. Re1 Qc4 29. Rea1 Rd8 30. R1a4 Qb3 31. Ra1 Qc4 1/2-1/2

[Event "Perm"]
[Site "Perm"]
[Date "2008.06.15"]
[Round "5"]
[White "Lavretzkij, Roman"]
[Black "Gavryushin, Oleg"]
[Result "1/2-1/2"]
[WhiteElo "2323"]
[BlackElo "2515"]
[PlyCount "61"]
[EventDate "2008.06.11"]
[EventType "tourn"]
[EventRounds "9"]
[EventCountry "RUS"]
[EventCategory "5"]
[SourceTitle "CBM 125 Extra"]
[Source "ChessBase"]
[SourceDate "2008.09.01"]
[SourceVersion "1"]
[SourceVersionDate "2008.09.01"]
[SourceQuality "1"]

1. d4 Nf6 2. c4 g6 3. Nc3 d5 4. cxd5 Nxd5 5. e4 Nxc3 6. bxc3 Bg7 7. Bb5+ c6 8. Ba4 0-0 9. Ne2 b6 10. Be3 Bb7 11. f3 e5 12. 0-0 Nd7 13. Rc1 Rc8 14. Qd2 Qe7 15. Bg5 f6 16. Be3 Rfd8 17. Bb3+ Kh8 18. Qe1 Ba6 19. Qf2 Nf8 20. Rfd1 Ne6 21. Rd2 c5 22. Bxe6 Qxe6 23. d5 Qd6 24. c4 f5 25. Bg5 fxe4 26. fxe4 Rf8 27. Qe3 Rc7 28. h3 Bf6 29. Bh6 Bg7 30. Bg5 Bf6 31. Bh6 1/2-1/2

[Event "Gornozavodsk op"]
[Site "Gornozavodsk"]
[Date "2007.11.??"]
[Round "3"]
[White "Chazov, Alexander"]
[Black "Gavryushin, Oleg"]
[Result "0-1"]
[WhiteElo "2144"]
[BlackElo "2407"]
[PlyCount "46"]
[EventDate "2007.11.??"]
[EventType "swiss"]
[EventRounds "11"]
[EventCountry "RUS"]
[SourceTitle "CBM 121 Extra"]
[Source "ChessBase"]
[SourceDate "2008.01.10"]
[SourceVersion "1"]
[SourceVersionDate "2008.01.10"]
[SourceQuality "1"]

1. e4 e6 2. d4 d5 3. e5 c5 4. c3 Qb6 5. Qb3 Qxb3 6. axb3 cxd4 7. cxd4 Nc6 8. Bb5 a6 9. Bxc6+ bxc6 10. Nf3 c5 11. 0-0 Rb8 12. dxc5 Bxc5 13. Ra4 Rb6 14. Rf4 Ne7 15. Ng5 Nc6 16. Nxf7 0-0 17. Nd6 Bxd6 18. exd6 Rd8 19. Be3 Rxb3 20. Rc1 Rxb2 21. Rxc6 Rxb1+ 22. Bc1 Bb7 23. Rc2 Rxd6 0-1

[Event "Gornozavodsk op"]
[Site "Gornozavodsk"]
[Date "2007.11.??"]
[Round "8"]
[White "Gavryushin, Oleg"]
[Black "Krutko, Anatoly"]
[Result "1/2-1/2"]
[WhiteElo "2407"]
[BlackElo "2443"]
[PlyCount "46"]
[EventDate "2007.11.??"]
[EventType "swiss"]
[EventRounds "11"]
[EventCountry "RUS"]
[SourceTitle "CBM 121 Extra"]
[Source "ChessBase"]
[SourceDate "2008.01.10"]
[SourceVersion "1"]
[SourceVersionDate "2008.01.10"]
[SourceQuality "1"]

1. d4 Nf6 2. Nf3 d6 3. c4 g6 4. e3 Bg7 5. Bd3 0-0 6. 0-0 c6 7. Bd2 Nbd7 8. Bc3 Qc7 9. Nbd2 Re8 10. Rc1 e5 11. dxe5 dxe5 12. Ng5 Nc5 13. Bc2 Bg4 14. f3 Bh6 15. h4 Bd7 16. Qe2 Rad8 17. b4 Ne6 18. Nge4 Nxe4 19. Nxe4 Bg7 20. c5 Qb8 21. Bb3 Nc7 22. Nd6 Re7 23. a3 Be6 1/2-1/2

[Event "Gornozavodsk op"]
[Site "Gornozavodsk"]
[Date "2007.11.??"]
[Round "3"]
[White "Gavryushin, Oleg"]
[Black "Nechaev, Alexey"]
[Result "1/2-1/2"]
[WhiteElo "2407"]
[BlackElo "2183"]
[PlyCount "50"]
[EventDate "2007.11.??"]
[EventType "swiss"]
[EventRounds "11"]
[EventCountry "RUS"]
[SourceTitle "CBM 121 Extra"]
[Source "ChessBase"]
[SourceDate "2008.01.10"]
[SourceVersion "1"]
[SourceVersionDate "2008.01.10"]
[SourceQuality "1"]

1. Nf3 f5 2. c4 g6 3. d4 Bg7 4. g3 c6 5. Bg2 d6 6. 0-0 Nf6 7. Qc2 0-0 8. b3 a5 9. Bb2 Na6 10. Nbd2 Rb8 11. Ng5 h6 12. Nh3 d5 13. Nf4 Kh7 14. Nd3 Nb4 15. Nxb4 axb4 16. a4 Ne4 17. cxd5 cxd5 18. e3 Qd6 19. Nf3 Bd7 20. Rfc1 Rbc8 21. Qe2 g5 22. Ne5 Nc3 23. Bxc3 bxc3 24. Nxd7 Qxd7 25. Qb5 Rfd8 1/2-1/2

[Event "Gornozavodsk op"]
[Site "Gornozavodsk"]
[Date "2007.11.??"]
[Round "5"]
[White "Kuznetsov, Mikhail V"]
[Black "Gavryushin, Oleg"]
[Result "1/2-1/2"]
[WhiteElo "2179"]
[BlackElo "2407"]
[PlyCount "47"]
[EventDate "2007.11.??"]
[EventType "swiss"]
[EventRounds "11"]
[EventCountry "RUS"]
[SourceTitle "CBM 121 Extra"]
[Source "ChessBase"]
[SourceDate "2008.01.10"]
[SourceVersion "1"]
[SourceVersionDate "2008.01.10"]
[SourceQuality "1"]

1. d4 d5 2. c4 c6 3. Nc3 Nf6 4. e3 e6 5. Nf3 Nbd7 6. Qc2 b6 7. Bd3 Bb7 8. b3 Bd6 9. 0-0 Qe7 10. Bb2 0-0 11. Rac1 Rac8 12. h3 h6 13. Qe2 Qd8 14. e4 dxe4 15. Nxe4 Nxe4 16. Qxe4 Nf6 17. Qe2 Nd7 18. Bb1 Re8 19. Ne5 Nxe5 20. dxe5 Bb8 21. h4 g6 22. h5 g5 23. f4 gxf4 24. Qg4+ 1/2-1/2

[Event "Gornozavodsk op"]
[Site "Gornozavodsk"]
[Date "2007.11.??"]
[Round "9"]
[White "Smirnov, Alexey1111"]
[Black "Gavryushin, Oleg"]
[Result "1/2-1/2"]
[WhiteElo "2404"]
[BlackElo "2407"]
[PlyCount "64"]
[EventDate "2007.11.??"]
[EventType "swiss"]
[EventRounds "11"]
[EventCountry "RUS"]
[SourceTitle "CBM 121 Extra"]
[Source "ChessBase"]
[SourceDate "2008.01.10"]
[SourceVersion "1"]
[SourceVersionDate "2008.01.10"]
[SourceQuality "1"]

1. e4 c5 2. Nf3 e6 3. g3 Qc7 4. Bg2 Nf6 5. Nc3 d6 6. a3 Be7 7. b4 Nc6 8. Rb1 0-0 9. 0-0 cxb4 10. axb4 d5 11. b5 dxe4 12. bxc6 exf3 13. Qxf3 bxc6 14. Qxc6 Qxc6 15. Bxc6 Ba6 16. Bxa8 Bxf1 17. Bf3 Bh3 18. Rb7 Bc5 19. Na4 Bd4 20. c3 Rc8 21. Ba3 Be5 22. Rxa7 Rb8 23. Ra8 Nd7 24. Bc6 Rxa8 25. Bxa8 Bc7 26. Bg2 Bxg2 27. Kxg2 f5 28. Nc5 Nxc5 29. Bxc5 Kf7 30. d4 Ke8 31. Kf3 Kd7 32. c4 Kc6 1/2-1/2

[Event "Perm Elo"]
[Site "Perm"]
[Date "2007.10.15"]
[Round "11"]
[White "Volodin, Ivan"]
[Black "Gavryushin, Oleg"]
[Result "1-0"]
[WhiteElo "2144"]
[BlackElo "2407"]
[PlyCount "69"]
[EventDate "2007.10.03"]
[EventType "tourn"]
[EventRounds "11"]
[EventCountry "RUS"]
[EventCategory "2"]
[SourceTitle "EXT 2009"]
[Source "ChessBase"]
[SourceDate "2008.11.26"]
[SourceVersion "1"]
[SourceVersionDate "2008.11.26"]
[SourceQuality "1"]

1. c4 Nf6 2. Nc3 d5 3. cxd5 Nxd5 4. Nf3 c5 5. e4 Nxc3 6. bxc3 g6 7. Bc4 Bg7 8. 0-0 0-0 9. Ba3 Qc7 10. Rc1 Nc6 11. d4 cxd4 12. cxd4 Bg4 13. d5 Nd4 14. Be2 Nxe2+ 15. Qxe2 Qd7 16. h3 Bxf3 17. Qxf3 Rfc8 18. Qb3 b5 19. Bb2 Bxb2 20. Qxb2 Rc4 21. Rxc4 bxc4 22. Rc1 Rc8 23. a3 Qc7 24. Qc3 h5 25. Rc2 h4 26. Rd2 Rb8 27. e5 Rd8 28. d6 exd6 29. exd6 Rxd6 30. Qe5 Rc6 31. Qe8+ Kg7 32. Rd8 Kh6 33. Qh8+ Kg5 34. Rd5+ f5 35. Rd4 1-0

[Event "Perm Elo"]
[Site "Perm"]
[Date "2007.10.10"]
[Round "7"]
[White "Gavryushin, Oleg"]
[Black "Syrchikov, Alexander"]
[Result "1-0"]
[WhiteElo "2407"]
[BlackElo "2270"]
[PlyCount "91"]
[EventDate "2007.10.03"]
[EventType "tourn"]
[EventRounds "11"]
[EventCountry "RUS"]
[EventCategory "2"]
[SourceTitle "EXT 2009"]
[Source "ChessBase"]
[SourceDate "2008.11.26"]
[SourceVersion "1"]
[SourceVersionDate "2008.11.26"]
[SourceQuality "1"]

1. d4 Nf6 2. c4 e6 3. g3 c5 4. Nf3 cxd4 5. Nxd4 Bb4+ 6. Nc3 0-0 7. Bg2 Qc7 8. Qd3 a6 9. 0-0 Be7 10. Rd1 d6 11. b3 Nbd7 12. h3 Re8 13. Be3 Ne5 14. Qd2 Bd7 15. Rac1 Rad8 16. f4 Nc6 17. Nd5 Qb8 18. Nxe7+ Rxe7 19. Nc2 d5 20. Bb6 Rc8 21. Ne3 dxc4 22. Nxc4 Nd5 23. Bc5 b5 24. Bxe7 Ncxe7 25. Ne5 Be8 26. Rxc8 Qxc8 27. e4 Nc3 28. Re1 b4 29. Qd6 Kf8 30. Qxb4 Nxa2 31. Qd2 Nc3 32. Kh2 Nb5 33. Rc1 Qb7 34. Qb4 f6 35. Nc4 Qc7 36. Ra1 h5 37. Rxa6 h4 38. Ra8 hxg3+ 39. Kxg3 Qd7 40. Kh2 g5 41. fxg5 Kg7 42. gxf6+ Kxf6 43. e5+ Kg7 44. Nd6 Nc7 45. Ra7 Bg6 46. Qc5 1-0

[Event "Perm GM"]
[Site "Perm"]
[Date "2007.06.12"]
[Round "1"]
[White "Gavryushin, Oleg"]
[Black "Letov, Alexander"]
[Result "0-1"]
[WhiteElo "2407"]
[BlackElo "2333"]
[PlyCount "70"]
[EventDate "2007.06.12"]
[EventType "tourn"]
[EventRounds "9"]
[EventCountry "RUS"]
[EventCategory "8"]
[SourceTitle "CBM 119 Extra"]
[Source "ChessBase"]
[SourceDate "2007.09.04"]
[SourceVersion "1"]
[SourceVersionDate "2007.09.04"]
[SourceQuality "1"]

1. Nf3 d5 2. c4 e6 3. g3 Nf6 4. d4 Be7 5. Bg2 0-0 6. 0-0 Nbd7 7. Qc2 c6 8. Nbd2 b6 9. e4 dxe4 10. Nxe4 Nxe4 11. Qxe4 Bb7 12. Ne5 Nxe5 13. dxe5 Rb8 14. Qe2 c5 15. Rd1 Qc7 16. Bxb7 Qxb7 17. Qg4 Rfd8 18. Bh6 g6 19. h4 Qc7 20. h5 Rbc8 21. Bg5 Rxd1+ 22. Rxd1 Rd8 23. Bxe7 Qxe7 24. h6 Kf8 25. Qf3 Rxd1+ 26. Qxd1 Ke8 27. Qf3 Qd7 28. Kf1 Kd8 29. Ke2 Ke8 30. Qa8+ Qd8 31. Qc6+ Ke7 32. Qb7+ Qd7 33. Qb8 Qd4 34. Qc7+ Kf8 35. Qd6+ Qxd6 0-1

[Event "Petrov Memorial op"]
[Site "St Petersburg"]
[Date "2002.02.14"]
[Round "3"]
[White "Gavryushin, Oleg"]
[Black "Mchedlishvili, Mikheil"]
[Result "1/2-1/2"]
[WhiteElo "2335"]
[BlackElo "2527"]
[PlyCount "174"]
[EventDate "2002.02.12"]
[EventType "swiss"]
[EventRounds "9"]
[EventCountry "RUS"]
[SourceTitle "CBM 086 Extra"]
[Source "ChessBase"]
[SourceDate "2002.03.14"]
[SourceVersion "1"]
[SourceVersionDate "2002.03.14"]
[SourceQuality "1"]

1. d4 Nf6 2. c4 e6 3. g3 d5 4. Nf3 Bb4+ 5. Bd2 Be7 6. Bg2 0-0 7. 0-0 c6 8. Qc2 b6 9. Rd1 Nbd7 10. Bf4 Bb7 11. Nbd2 Nh5 12. Be5 f6 13. Bf4 Rc8 14. Bh3 Nxf4 15. gxf4 f5 16. cxd5 cxd5 17. Qd3 Nf6 18. Ne5 Bd6 19. Rac1 Qe7 20. e3 Ne4 21. f3 Nf6 22. Kh1 Nh5 23. Bg2 Rc7 24. Rxc7 Qxc7 25. Nb3 Rc8 26. Rc1 Qd8 27. Rxc8 Qxc8 28. Bf1 h6 29. Kg1 g5 30. fxg5 hxg5 31. Qb5 Nf6 32. Qe2 Qc7 33. Qg2 Qg7 34. Bd3 Kf8 35. Kf2 Qh6 36. Nc1 Bxe5 37. dxe5 Nd7 38. Bb5 Nxe5 39. Nd3 Nxd3+ 40. Bxd3 Qf6 41. Ke1 Ke7 42. h4 gxh4 43. Qg8 Qh6 44. f4 h3 45. Qb8 h2 46. Qc7+ Kf6 47. Qd8+ Kf7 48. Qd7+ Kg8 49. Qe8+ Qf8 50. Qg6+ Kh8 51. Qh5+ Kg7 52. Qg5+ Kh7 53. Qh5+ Kg7 54. Qg5+ Kf7 55. Qh5+ Ke7 56. Qxh2 Qg7 57. Qc2 Kd8 58. Qa4 Qxb2 59. Qxa7 Qb4+ 60. Ke2 Kc8 61. Ba6 Bxa6+ 62. Qxa6+ Kb8 63. Kd3 Qb1+ 64. Kd2 Qb2+ 65. Kd3 Qb4 66. a3 Qb1+ 67. Kd2 Qb3 68. a4 Qb2+ 69. Kd3 Qb4 70. Ke2 Qa5 71. Qxa5 bxa5 72. Kd3 Kc7 73. Kc3 Kc6 74. Kc2 Kd6 75. Kd2 Kc5 76. Kc3 Kc6 77. Kc2 Kd6 78. Kd2 e5 79. fxe5+ Kxe5 80. Kd3 Ke6 81. Ke2 Kd6 82. Kd2 Kc6 83. Kc2 Kc5 84. Kc3 Kc6 85. Kc2 Kc5 86. Kc3 d4+ 87. exd4+ Kd5 1/2-1/2

[Event "Petrov Memorial op"]
[Site "St Petersburg"]
[Date "2002.02.12"]
[Round "1"]
[White "Gavryushin, Oleg"]
[Black "Rychagov, Andrey"]
[Result "1/2-1/2"]
[WhiteElo "2335"]
[BlackElo "2544"]
[PlyCount "50"]
[EventDate "2002.02.12"]
[EventType "swiss"]
[EventRounds "9"]
[EventCountry "RUS"]
[SourceTitle "CBM 086 Extra"]
[Source "ChessBase"]
[SourceDate "2002.03.14"]
[SourceVersion "1"]
[SourceVersionDate "2002.03.14"]
[SourceQuality "1"]

1. d4 f5 2. g3 Nf6 3. Bg2 g6 4. Nh3 Bg7 5. Nf4 0-0 6. h4 Bh8 7. Nd2 Qe8 8. c3 c6 9. Nf3 Ne4 10. Nd3 Nf6 11. Bh6 Bg7 12. Qd2 d6 13. 0-0-0 Be6 14. h5 Nxh5 15. Bxg7 Kxg7 16. Nf4 Nxf4 17. Qxf4 h5 18. Qg5 Rh8 19. Nh4 Qf7 20. e4 Qf6 21. Nxf5+ Bxf5 22. Qxf6+ Kxf6 23. exf5 gxf5 24. Bf3 Nd7 25. Bxh5 Rh6 1/2-1/2

[Event "Berezniki-ch"]
[Site "Berezniki"]
[Date "2001.??.??"]
[Round "5"]
[White "Gavryushin, Oleg"]
[Black "Artes, Sergey"]
[Result "1-0"]
[WhiteElo "2310"]
[BlackElo "2308"]
[PlyCount "73"]
[EventDate "2001.02.??"]
[EventType "swiss"]
[EventRounds "11"]
[EventCountry "RUS"]
[SourceTitle "EXT 2002"]
[Source "ChessBase"]
[SourceDate "2001.11.25"]
[SourceVersion "1"]
[SourceVersionDate "2001.11.25"]
[SourceQuality "1"]

1. Nf3 Nf6 2. c4 c5 3. Nc3 d5 4. cxd5 Nxd5 5. g3 Nc6 6. Bg2 e6 7. 0-0 Be7 8. d4 Nxc3 9. bxc3 0-0 10. a4 Qc7 11. Rb1 Rd8 12. Qc2 cxd4 13. cxd4 Bf6 14. Bg5 Bxg5 15. Nxg5 g6 16. e3 Qe7 17. Ne4 Rb8 18. Qc3 Rd5 19. Rfc1 Nd8 20. Qc7 Qxc7 21. Rxc7 Kg7 22. Rbc1 Nc6 23. Nc5 Rd6 24. Rxc8 Rxc8 25. Nxb7 Ne7 26. Rxc8 Nxc8 27. Nxd6 Nxd6 28. Kf1 Kf6 29. Ke2 Nc4 30. Bc6 Ke7 31. Kd3 Nb6 32. a5 Nc8 33. e4 Kd6 34. Bb7 Ne7 35. e5+ Kc7 36. Be4 Kd7 37. Kc4 1-0

[Event "Vitebsky Memorial"]
[Site "Kurgan"]
[Date "2001.??.??"]
[Round "8"]
[White "Gavryushin, Oleg"]
[Black "Sunjaikin, Boris"]
[Result "0-1"]
[WhiteElo "2335"]
[BlackElo "2219"]
[PlyCount "88"]
[EventDate "2001.??.??"]
[EventType "tourn"]
[EventRounds "11"]
[EventCountry "RUS"]
[EventCategory "5"]
[SourceTitle "EXT 2006"]
[Source "ChessBase"]
[SourceDate "2005.11.24"]
[SourceVersion "1"]
[SourceVersionDate "2005.11.24"]
[SourceQuality "1"]

1. Nf3 c5 2. c4 b6 3. g3 Bb7 4. Bg2 Nf6 5. Nc3 e6 6. 0-0 Be7 7. Re1 0-0 8. e4 d6 9. d4 cxd4 10. Nxd4 Qc8 11. Be3 a6 12. Rc1 Nbd7 13. f4 Ra7 14. g4 Nc5 15. Bf2 Rd8 16. b4 Ncd7 17. g5 Ne8 18. Bh3 Ba8 19. g6 hxg6 20. Nxe6 fxe6 21. Bxe6+ Kf8 22. Qg4 Nc7 23. Bxb6 Nxe6 24. Bxa7 Nf6 25. Qf3 Qxc4 26. Nd5 Qb5 27. a4 Qb7 28. Bb6 Re8 29. a5 Nxd5 30. exd5 Qxd5 31. Qxd5 Bxd5 32. Rcd1 Bh4 33. Rf1 Bc4 34. Rxd6 Bxf1 35. Kxf1 Nxf4 36. Bf2 Bxf2 37. Kxf2 Re6 38. Rd4 Nh5 39. Rd7 Nf6 40. Rb7 Nd5 41. Kf3 Re3+ 42. Kg4 Re4+ 43. Kg5 Rxb4 44. Ra7 Rb5 0-1

[Event "Vitebsky Memorial"]
[Site "Kurgan"]
[Date "2001.??.??"]
[Round "11"]
[White "Kornev, Alexei"]
[Black "Gavryushin, Oleg"]
[Result "1/2-1/2"]
[WhiteElo "2359"]
[BlackElo "2335"]
[PlyCount "34"]
[EventDate "2001.??.??"]
[EventType "tourn"]
[EventRounds "11"]
[EventCountry "RUS"]
[EventCategory "5"]
[SourceTitle "EXT 2006"]
[Source "ChessBase"]
[SourceDate "2005.11.24"]
[SourceVersion "1"]
[SourceVersionDate "2005.11.24"]
[SourceQuality "1"]

1. e4 e6 2. d4 d5 3. Nc3 dxe4 4. Nxe4 Nd7 5. Nf3 Ngf6 6. Nxf6+ Nxf6 7. Bc4 Be7 8. 0-0 0-0 9. Qe2 b6 10. Bg5 Bb7 11. Rad1 Ne4 12. Bxe7 Qxe7 13. Bd3 Nf6 14. Rfe1 c5 15. dxc5 Qxc5 16. Ne5 Rfd8 17. c3 Rac8 1/2-1/2

[Event "RUS-ch sf"]
[Site "Orsk"]
[Date "2000.??.??"]
[Round "3"]
[White "Obodchuk, Andrei"]
[Black "Gavryushin, Oleg"]
[Result "1-0"]
[WhiteElo "2402"]
[BlackElo "2307"]
[PlyCount "47"]
[EventDate "2000.??.??"]
[EventType "swiss"]
[EventRounds "11"]
[EventCountry "RUS"]
[SourceTitle "EXT 2001"]
[Source "ChessBase"]
[SourceDate "2000.11.22"]
[SourceVersion "1"]
[SourceVersionDate "2000.11.22"]
[SourceQuality "1"]

1. d4 Nf6 2. c4 g6 3. Nc3 d5 4. Nf3 Bg7 5. cxd5 Nxd5 6. e4 Nxc3 7. bxc3 c5 8. h3 Qa5 9. Bd2 0-0 10. Be2 Qa3 11. 0-0 Rd8 12. Rb1 Qxa2 13. Bg5 Qe6 14. Qc2 Nd7 15. d5 Qd6 16. Bh4 Re8 17. Nd2 Nb6 18. f4 f5 19. e5 Qc7 20. c4 Bd7 21. Qd3 Rab8 22. Bxe7 Bxe5 23. fxe5 Qxe5 24. d6 1-0

[Event "RUS-ch sf"]
[Site "Pskov"]
[Date "1998.??.??"]
[Round "4"]
[White "Alavkin, Arseny Nailievich"]
[Black "Gavryushin, Oleg"]
[Result "1-0"]
[WhiteElo "2440"]
[BlackElo "2350"]
[PlyCount "80"]
[EventDate "1998.??.??"]
[EventType "swiss"]
[EventRounds "11"]
[EventCountry "RUS"]
[SourceTitle "EXT 2000"]
[Source "ChessBase"]
[SourceDate "1999.11.16"]
[SourceVersion "1"]
[SourceVersionDate "1999.11.16"]
[SourceQuality "1"]

1. e4 e6 2. Nf3 d5 3. Nc3 Nf6 4. e5 Nfd7 5. d4 c5 6. dxc5 Nc6 7. Bf4 Be7 8. h4 Nxc5 9. Bd3 Bd7 10. a3 a6 11. h5 h6 12. Rh3 Qb6 13. b4 Nxd3+ 14. Qxd3 Rc8 15. Kf1 Qc7 16. Qd2 Nxb4 17. Nd4 Qc4+ 18. Kg1 Nc6 19. Nb3 a5 20. Ne2 a4 21. Nbc1 Qa6 22. Rg3 Bf8 23. Nd3 Na5 24. Nb4 Qb6 25. Nd3 Rc4 26. Be3 Qc7 27. Nd4 Nc6 28. Nb2 Na5 29. Nxc4 Nxc4 30. Qc3 Qxe5 31. Re1 Qxh5 32. Bc1 Bd6 33. f4 Bf8 34. f5 Bc5 35. Be3 Qh4 36. Bf2 Qf6 37. fxe6 Bxe6 38. Rf3 Qg6 39. Nf5 Bxf2+ 40. Kxf2 Kf8 1-0